[Event "AUT-ch Vor2 Internet"]
[Site "Playchess.com INT"]
[Date "2020.04.13"]
[Round "6"]
[White "Waldner, Alois"]
[Black "Doskocil, Klaus"]
[Result "1-0"]
[WhiteElo "2018"]
[BlackElo "2157"]
[PlyCount "101"]
[EventDate "2020.04.13"]
[EventType "swiss (blitz)"]
[EventRounds "9"]
[EventCountry "AUT"]
[SourceTitle "CBM 195 Extra"]
[Source "ChessBase"]
[SourceDate "2020.05.31"]
[SourceVersion "1"]
[SourceVersionDate "2020.05.31"]
[SourceQuality "1"]

1. e4 c5 2. Nc3 Nc6 3. Bb5 g6 4. Bxc6 bxc6 5. f4 Bg7 6. Nf3 e6 7. 0-0 Ne7 8. d3 0-0 9. Qe1 f5 10. e5 d5 11. Na4 c4 12. d4 Kh8 13. Nc5 Ng8 14. a4 a5 15. Bd2 Qc7 16. Bc3 Nh6 17. Ng5 Re8 18. Ra3 Nf7 19. h4 h5 20. Nxf7+ Qxf7 21. Bxa5 Bh6 22. g3 Bf8 23. Bb4 Qa7 24. a5 Ba6 25. Nxa6 Qxa6 26. Bxf8 Rxf8 27. Qb4 Qa7 28. c3 Rfe8 29. Qb6 Qd7 30. Rf2 Kg7 31. a6 Kf7 32. a7 Rec8 33. Ra6 Qc7 34. Qc5 Qb7 35. Rb6 Rc7 36. Rxb7 Rxb7 37. Qxc6 Raxa7 38. Kg2 Rc7 39. Qd6 Rd7 40. Qb8 Rdb7 41. Qd8 Rd7 42. Qf6+ Ke8 43. Qxe6+ Kd8 44. Qxg6 Rdb7 45. Qxh5 Ra2 46. Qg5+ Kc8 47. Qxf5+ Kb8 48. Qf8+ Ka7 49. e6 Rbxb2 50. Rxb2 Rxb2+ 51. Kh3 1-0

[Event "AUT-ch Vor2 Internet"]
[Site "Playchess.com INT"]
[Date "2020.04.13"]
[Round "4"]
[White "Waldner, Alois"]
[Black "Kruckenhauser, Arthur"]
[Result "0-1"]
[WhiteElo "2018"]
[BlackElo "2233"]
[PlyCount "72"]
[EventDate "2020.04.13"]
[EventType "swiss (blitz)"]
[EventRounds "9"]
[EventCountry "AUT"]
[SourceTitle "CBM 195 Extra"]
[Source "ChessBase"]
[SourceDate "2020.05.31"]
[SourceVersion "1"]
[SourceVersionDate "2020.05.31"]
[SourceQuality "1"]

1. e4 c5 2. d4 cxd4 3. c3 dxc3 4. Nxc3 Nc6 5. Nf3 a6 6. Bc4 d6 7. 0-0 Nf6 8. h3 e6 9. Qe2 b5 10. Bb3 Ra7 11. Rd1 Rd7 12. Bf4 Be7 13. e5 dxe5 14. Nxe5 Nxe5 15. Bxe5 0-0 16. Rxd7 Bxd7 17. Rd1 Qc8 18. Qd3 Rd8 19. Bc2 g6 20. Qe3 Bc6 21. Rxd8+ Bxd8 22. Qh6 Qd7 23. Be4 Bxe4 24. Nxe4 Ne8 25. Qf4 Bc7 26. Nf6+ Nxf6 27. Qxf6 Bxe5 28. Qxe5 Qd5 29. Qb8+ Kg7 30. a3 Qd1+ 31. Kh2 Qe2 32. Qb6 Qe5+ 33. g3 Qxb2 34. Kg2 Qxa3 35. Qd4+ Kg8 36. Qd8+ Qf8 0-1

[Event "Oberbayern Bezirksliga 1718"]
[Site "Germany"]
[Date "2018.02.25"]
[Round "7.3"]
[White "Waldner, Alois"]
[Black "Steinbacher, Thomas"]
[Result "0-1"]
[WhiteElo "1956"]
[BlackElo "2056"]
[PlyCount "66"]
[EventDate "2017.10.22"]
[EventType "team-tourn"]
[EventRounds "9"]
[EventCountry "GER"]
[SourceTitle "EXT 2019"]
[Source "ChessBase"]
[SourceDate "2018.10.10"]
[SourceVersion "1"]
[SourceVersionDate "2018.10.10"]
[SourceQuality "1"]
[WhiteTeam "Waldkraiburg"]
[BlackTeam "Pang/Rosenheim II"]
[WhiteTeamCountry "GER"]
[BlackTeamCountry "GER"]

1. e4 e5 2. Nf3 Nc6 3. Bb5 a6 4. Ba4 f5 5. d3 fxe4 6. dxe4 Nf6 7. Nc3 Bb4 8. Bb3 d6 9. h3 Qe7 10. Qd3 Be6 11. Bd2 Bxc3 12. Bxc3 0-0 13. Bxe6+ Qxe6 14. Ng5 Qe8 15. 0-0-0 h6 16. Qc4+ Kh8 17. Nf3 Qg6 18. Nd2 Qxg2 19. Rdg1 Qxf2 20. Rg6 Nh5 21. Kd1 Qf7 22. Rhg1 Qxc4 23. Nxc4 Rf3 24. Bd2 Rf6 25. R6g4 Raf8 26. c3 Rf1+ 27. Rxf1 Rxf1+ 28. Ke2 Rh1 29. Rh4 Nf6 30. Bg5 Nh7 31. Bd2 Ne7 32. Na5 b6 33. Nb7 Nc6 0-1

[Event "Oberbayern Bezirksliga 1718"]
[Site "Germany"]
[Date "2018.02.04"]
[Round "6.4"]
[White "Seitner, Ralf"]
[Black "Waldner, Alois"]
[Result "1-0"]
[WhiteElo "2045"]
[BlackElo "1956"]
[PlyCount "77"]
[EventDate "2017.10.22"]
[EventType "team-tourn"]
[EventRounds "9"]
[EventCountry "GER"]
[SourceTitle "EXT 2019"]
[Source "ChessBase"]
[SourceDate "2018.10.10"]
[SourceVersion "1"]
[SourceVersionDate "2018.10.10"]
[SourceQuality "1"]
[WhiteTeam "Neuburg"]
[BlackTeam "Waldkraiburg"]
[WhiteTeamCountry "GER"]
[BlackTeamCountry "GER"]

1. Nf3 Nf6 2. d4 c5 3. d5 g6 4. c4 b5 5. cxb5 a6 6. bxa6 Bxa6 7. Nc3 Bg7 8. g3 0-0 9. Bg2 d6 10. Rb1 Nbd7 11. 0-0 Nb6 12. b3 Ra7 13. Re1 Qa8 14. e4 Nfd7 15. Qc2 Ne5 16. Nxe5 Bxe5 17. a4 Rb8 18. Be3 Nd7 19. Bf1 Bxf1 20. Rxf1 Rc7 21. Nb5 Rcc8 22. Rfc1 Nb6 23. Qd1 Qa6 24. Kg2 Na8 25. Rc2 Nc7 26. Na3 Rb7 27. Nc4 Bg7 28. e5 Ne8 29. f4 Rd7 30. Rd2 Rb8 31. Rd3 Nc7 32. Qf3 Rdd8 33. Bd2 Rd7 34. Bc3 Rbd8 35. Rbd1 dxe5 36. fxe5 e6 37. dxe6 Qxe6 38. Rd6 Qe7 39. Ba5 1-0

[Event "Oberbayern Bezirksliga 1718"]
[Site "Germany"]
[Date "2017.11.26"]
[Round "3.3"]
[White "Ponater, Michael"]
[Black "Waldner, Alois"]
[Result "1/2-1/2"]
[WhiteElo "1963"]
[BlackElo "1956"]
[PlyCount "93"]
[EventDate "2017.10.22"]
[EventType "team-tourn"]
[EventRounds "9"]
[EventCountry "GER"]
[SourceTitle "EXT 2019"]
[Source "ChessBase"]
[SourceDate "2018.10.10"]
[SourceVersion "1"]
[SourceVersionDate "2018.10.10"]
[SourceQuality "1"]
[WhiteTeam "Starnberg II"]
[BlackTeam "Waldkraiburg"]
[WhiteTeamCountry "GER"]
[BlackTeamCountry "GER"]

1. e4 c5 2. Nc3 g6 3. Nge2 Nc6 4. d4 cxd4 5. Nxd4 Bg7 6. Be3 Nf6 7. Be2 0-0 8. f4 Nxd4 9. Bxd4 d6 10. 0-0 Bd7 11. Bf3 Bc6 12. Qe1 Nd7 13. Be3 b5 14. Rd1 Nb6 15. e5 Qc7 16. Bd4 Rac8 17. exd6 exd6 18. Bxg7 Kxg7 19. Qd2 Nc4 20. Qd4+ f6 21. Bxc6 Qxc6 22. Nd5 Qc5 23. b3 Na3 24. c3 Qxd4+ 25. Rxd4 Rfe8 26. Kf2 f5 27. Rd3 Re4 28. Re1 Nc2 29. Rxe4 fxe4 30. Rd2 e3+ 31. Nxe3 Nxe3 32. Kxe3 Rxc3+ 33. Kd4 Rc8 34. Re2 Kf6 35. g4 Rc5 36. h3 h5 37. Kd3 a5 38. a3 h4 39. Re4 Rc1 40. Rd4 Ke7 41. f5 Rh1 42. fxg6 Rxh3+ 43. Ke4 Rxb3 44. Rxd6 b4 45. g7 Kf7 46. axb4 Rxb4+ 47. Kf3 1/2-1/2

[Event "Oberbayern Bezirksliga 1617"]
[Site "Germany"]
[Date "2017.03.19"]
[Round "7.3"]
[White "Waldner, Alois"]
[Black "Guzsvany, Arpad"]
[Result "0-1"]
[WhiteElo "1996"]
[BlackElo "2143"]
[PlyCount "74"]
[EventDate "2016.10.16"]
[EventType "team-tourn"]
[EventRounds "9"]
[EventCountry "GER"]
[SourceTitle "EXT 2019"]
[Source "ChessBase"]
[SourceDate "2018.10.10"]
[SourceVersion "1"]
[SourceVersionDate "2018.10.10"]
[SourceQuality "1"]
[WhiteTeam "Waldkraiburg"]
[BlackTeam "Ebersberg Grafing"]
[WhiteTeamCountry "GER"]
[BlackTeamCountry "GER"]

1. e4 c5 2. Nf3 e6 3. c3 Nf6 4. e5 Nd5 5. a4 Be7 6. d4 cxd4 7. Qxd4 f5 8. Bc4 Nc6 9. Qd3 Nb6 10. Na3 Nxa4 11. Nb5 Nc5 12. Nd6+ Bxd6 13. Qxd6 Ne4 14. Qd3 Qc7 15. 0-0 Nxe5 16. Nxe5 Qxe5 17. Re1 Qd6 18. Qe2 0-0 19. f3 Nf6 20. Be3 Qc7 21. Bd4 d5 22. Bd3 Bd7 23. Qf2 b6 24. Qh4 Rf7 25. Kh1 Re8 26. Be5 Qb7 27. Bd4 Bc6 28. Re3 Nd7 29. f4 Nc5 30. Rh3 g6 31. Qg3 Kf8 32. Qg5 Nb3 33. Bf6 Nxa1 34. Qh6+ Rg7 35. Rg3 Qf7 36. Be5 Re7 37. h4 Ke8 0-1

[Event "Oberbayern Bezirksliga 1617"]
[Site "Germany"]
[Date "2016.11.20"]
[Round "2.5"]
[White "Schmid, Dieter"]
[Black "Waldner, Alois"]
[Result "0-1"]
[WhiteElo "1718"]
[BlackElo "1996"]
[PlyCount "70"]
[EventDate "2016.10.16"]
[EventType "team-tourn"]
[EventRounds "9"]
[EventCountry "GER"]
[SourceTitle "EXT 2019"]
[Source "ChessBase"]
[SourceDate "2018.10.10"]
[SourceVersion "1"]
[SourceVersionDate "2018.10.10"]
[SourceQuality "1"]
[WhiteTeam "Pang/Rosenheim"]
[BlackTeam "Waldkraiburg"]
[WhiteTeamCountry "GER"]
[BlackTeamCountry "GER"]

1. d4 Nf6 2. c4 g6 3. Nc3 Bg7 4. e4 d6 5. Nf3 0-0 6. Be2 e5 7. dxe5 dxe5 8. b4 Qxd1+ 9. Bxd1 Bg4 10. Rb1 Nc6 11. 0-0 Bxf3 12. Bxf3 Nd4 13. Bd1 Rfd8 14. g3 c6 15. Kg2 Rd7 16. Re1 Rad8 17. Be3 h5 18. h3 a6 19. c5 Ne8 20. Na4 Nc7 21. Nb6 Re7 22. a4 Nce6 23. Nc4 f6 24. h4 Bf8 25. f4 exf4 26. Bxf4 Nxf4+ 27. gxf4 Bh6 28. Kg3 Nf5+ 29. Kf2 Nxh4 30. Kg3 Nf5+ 31. Kf2 Nd4 32. Kg3 h4+ 33. Kxh4 Bxf4 34. Kg4 Bc7 35. Bf3 f5+ 0-1

[Event "Regionalliga SO 1415"]
[Site "Bayern"]
[Date "2014.12.07"]
[Round "4.4"]
[White "Krause, Christian"]
[Black "Waldner, Alois"]
[Result "1/2-1/2"]
[WhiteElo "1953"]
[BlackElo "1993"]
[PlyCount "51"]
[EventDate "2014.10.19"]
[EventType "team-tourn"]
[EventRounds "9"]
[EventCountry "GER"]
[SourceTitle "EXT 2018"]
[Source "ChessBase"]
[SourceDate "2017.10.13"]
[SourceVersion "1"]
[SourceVersionDate "2017.10.13"]
[SourceQuality "1"]
[WhiteTeam "Ebersberg Grafing"]
[BlackTeam "Waldkraiburg"]
[WhiteTeamCountry "GER"]
[BlackTeamCountry "GER"]

1. g3 e5 2. Bg2 d5 3. d3 Nc6 4. Nf3 f6 5. c3 Be6 6. Nbd2 Qd7 7. 0-0 Bh3 8. Re1 0-0-0 9. Nf1 Nge7 10. b4 Ng6 11. b5 Nce7 12. Qa4 Kb8 13. Be3 Nc8 14. Qb3 h5 15. a4 h4 16. a5 Bxg2 17. Kxg2 hxg3 18. fxg3 b6 19. axb6 cxb6 20. Qa4 Nge7 21. Bf2 g5 22. e4 Qh3+ 23. Kg1 Qh5 24. Kg2 Qh3+ 25. Kg1 Qh5 26. Kg2 1/2-1/2

[Event "Regionalliga SO 1314"]
[Site "Bayern"]
[Date "2013.12.15"]
[Round "4.5"]
[White "Bauer, Bernd"]
[Black "Waldner, Alois"]
[Result "0-1"]
[WhiteElo "1971"]
[BlackElo "2070"]
[PlyCount "50"]
[EventDate "2013.10.13"]
[EventType "team-tourn"]
[EventRounds "9"]
[EventCountry "GER"]
[SourceTitle "EXT 2015"]
[Source "ChessBase"]
[SourceDate "2014.11.20"]
[SourceVersion "1"]
[SourceVersionDate "2014.11.20"]
[SourceQuality "1"]
[WhiteTeam "Deggendorf"]
[BlackTeam "Waldkraiburg"]
[WhiteTeamCountry "GER"]
[BlackTeamCountry "GER"]

1. e4 e5 2. Nf3 Nc6 3. d4 exd4 4. Bc4 Nf6 5. e5 d5 6. Bb5 Ne4 7. Nxd4 Bd7 8. Bxc6 bxc6 9. 0-0 Rb8 10. Nd2 Nxd2 11. Qxd2 c5 12. Nf3 c6 13. Qf4 Rb4 14. Qd2 Be7 15. c3 Rg4 16. Qc2 Qc8 17. Be3 0-0 18. Qd2 Rxg2+ 19. Kxg2 Bh3+ 20. Kh1 Qg4 21. Nh4 Qxh4 22. f3 Bxf1 23. Rxf1 f6 24. exf6 Bxf6 25. Bxc5 Qc4 0-1

[Event "Regionalliga SO 1314"]
[Site "Bayern"]
[Date "2013.11.24"]
[Round "3.4"]
[White "Hofmann, Juergen2222"]
[Black "Waldner, Alois"]
[Result "1-0"]
[WhiteElo "2147"]
[BlackElo "2070"]
[PlyCount "87"]
[EventDate "2013.10.13"]
[EventType "team-tourn"]
[EventRounds "9"]
[EventCountry "GER"]
[SourceTitle "EXT 2015"]
[Source "ChessBase"]
[SourceDate "2014.11.20"]
[SourceVersion "1"]
[SourceVersionDate "2014.11.20"]
[SourceQuality "1"]
[WhiteTeam "Graefelfing"]
[BlackTeam "Waldkraiburg"]
[WhiteTeamCountry "GER"]
[BlackTeamCountry "GER"]

1. e4 c5 2. Nf3 d6 3. d4 cxd4 4. Nxd4 Nf6 5. Nc3 g6 6. Be3 Bg7 7. f3 Nc6 8. Qd2 h5 9. 0-0-0 Bd7 10. Kb1 Rc8 11. h3 Nxd4 12. Bxd4 0-0 13. g4 h4 14. Bd3 a6 15. f4 e5 16. fxe5 dxe5 17. Bf2 Be6 18. Qe1 g5 19. Be3 Nd7 20. Qd2 f6 21. Nd5 b5 22. Qb4 Re8 23. Rhf1 Bf8 24. Qe1 Bxd5 25. exd5 e4 26. Be2 Bd6 27. Rf5 Rf8 28. Qd2 Rf7 29. Rdf1 Rg7 30. Bd4 Rg6 31. Bd1 Qe7 32. Re1 Re8 33. c3 Bg3 34. Re2 Ne5 35. Bxe5 fxe5 36. Bb3 Kh8 37. Rxe4 Bf4 38. Qd3 Rd6 39. Qe2 Qb7 40. Rfxf4 gxf4 41. Rxe5 Rf8 42. Re7 Qb6 43. Qe5+ Rdf6 44. g5 1-0

[Event "St Veit op-A 28th"]
[Site "St Veit"]
[Date "2009.07.12"]
[Round "2"]
[White "Praznik, Niko"]
[Black "Waldner, Alois"]
[Result "1-0"]
[WhiteElo "2379"]
[BlackElo "2126"]
[PlyCount "79"]
[EventDate "2009.07.11"]
[EventType "swiss"]
[EventRounds "9"]
[EventCountry "AUT"]
[SourceTitle "CBM 131 Extra"]
[Source "ChessBase"]
[SourceDate "2009.09.03"]
[SourceVersion "2"]
[SourceVersionDate "2009.09.16"]
[SourceQuality "1"]

1. c4 c5 2. Nc3 Nc6 3. g3 g6 4. Bg2 Bg7 5. e4 h5 6. h3 d6 7. Nge2 Bd7 8. 0-0 Qc8 9. Kh2 Nh6 10. d3 a6 11. Nd5 Qd8 12. Rb1 b5 13. b3 e6 14. Ne3 b4 15. f4 f5 16. exf5 Nxf5 17. Nxf5 gxf5 18. Be3 Nd4 19. Bxa8 Qxa8 20. Nxd4 cxd4 21. Bd2 Qb7 22. h4 Bf6 23. a3 a5 24. axb4 axb4 25. Ra1 Ke7 26. Qe2 Rg8 27. Be1 Bc6 28. Qa2 Bxh4 29. Qa7 Bf6 30. Qxb7+ Bxb7 31. Ra7 Rb8 32. Bxb4 Kd7 33. Ba5 Be7 34. b4 h4 35. gxh4 Bxh4 36. Rg1 Be7 37. Rg7 e5 38. c5 Ke6 39. c6 Rh8+ 40. Kg1 1-0

[Event "St Veit op-A 28th"]
[Site "St Veit"]
[Date "2009.07.11"]
[Round "1"]
[White "Waldner, Alois"]
[Black "Kuttnig, Roland"]
[Result "1/2-1/2"]
[WhiteElo "2126"]
[BlackElo "1908"]
[PlyCount "42"]
[EventDate "2009.07.11"]
[EventType "swiss"]
[EventRounds "9"]
[EventCountry "AUT"]
[SourceTitle "CBM 131 Extra"]
[Source "ChessBase"]
[SourceDate "2009.09.03"]
[SourceVersion "2"]
[SourceVersionDate "2009.09.16"]
[SourceQuality "1"]

1. e4 e5 2. Nf3 Nc6 3. Bb5 a6 4. Ba4 Nf6 5. 0-0 Be7 6. Re1 b5 7. Bb3 0-0 8. a4 Bb7 9. axb5 axb5 10. Rxa8 Qxa8 11. Nc3 Qa5 12. d3 d6 13. Bd2 Qb6 14. Nd5 Nxd5 15. Bxd5 Nd4 16. Nxd4 exd4 17. Bb3 Bf6 18. Qg4 Bc8 19. Qg3 Qc5 20. f4 Re8 21. Re2 Qh5 1/2-1/2

[Event "Schwarzach op-B 20th"]
[Site "Schwarzach"]
[Date "2005.08.22"]
[Round "4.7"]
[White "Waldner, Alois"]
[Black "Feilmayr, Erwin"]
[Result "1-0"]
[WhiteElo "2137"]
[BlackElo "1868"]
[PlyCount "83"]
[EventDate "2005.08.20"]
[EventType "swiss"]
[EventRounds "9"]
[EventCountry "AUT"]
[SourceTitle "EXT 2024"]
[Source "ChessBase"]
[SourceDate "2023.10.10"]
[SourceVersion "1"]
[SourceVersionDate "2023.10.10"]
[SourceQuality "1"]

1. e4 e6 2. d4 d5 3. e5 c5 4. c3 Nc6 5. Nf3 Qb6 6. Bd3 Bd7 7. 0-0 cxd4 8. cxd4 Nb4 9. Be2 Ne7 10. Nc3 Nf5 11. g4 Nh6 12. Ne1 Be7 13. Be3 a6 14. Ng2 Rc8 15. a3 Nc6 16. f4 Na5 17. Rb1 Qb3 18. f5 Qxd1 19. Bxd1 Ng8 20. Na4 Bxa4 21. Bxa4+ b5 22. Bd1 Nc4 23. Bc1 Bd8 24. b3 Nb6 25. fxe6 fxe6 26. g5 Ne7 27. Nf4 Rc6 28. Bg4 Nf5 29. Nxe6 Rxe6 30. Bxf5 Rc6 31. Bd2 Be7 32. Rbc1 Rxc1 33. Bxc1 0-0 34. Be6+ Kh8 35. Rxf8+ Bxf8 36. Bd2 b4 37. Bxb4 Bxb4 38. axb4 g6 39. Kg2 Kg7 40. Kf3 h6 41. gxh6+ Kxh6 42. Kg4 1-0

[Event "Schwarzach op-B 19th"]
[Site "Salzburg"]
[Date "2004.08.27"]
[Round "7"]
[White "Loeffler, Alois"]
[Black "Waldner, Alois"]
[Result "1/2-1/2"]
[WhiteElo "1957"]
[BlackElo "2130"]
[PlyCount "69"]
[EventDate "2004.08.21"]
[EventType "swiss"]
[EventRounds "9"]
[EventCountry "AUT"]
[SourceTitle "CBM 102 Extra"]
[Source "ChessBase"]
[SourceDate "2004.11.03"]
[SourceVersion "1"]
[SourceVersionDate "2004.11.03"]
[SourceQuality "1"]

1. e4 d5 2. exd5 Nf6 3. d4 Qxd5 4. Nf3 Bg4 5. Be2 Nc6 6. c4 Qh5 7. Nc3 0-0-0 8. Be3 e5 9. d5 e4 10. Nd2 Ne5 11. Qa4 Bxe2 12. Nxe2 Nd3+ 13. Kf1 Ng4 14. Ng3 Nxe3+ 15. fxe3 Qh6 16. Ndxe4 Qxe3 17. Qc2 f5 18. Nf2 Qxf2+ 19. Qxf2 Nxf2 20. Kxf2 Bc5+ 21. Kf3 g6 22. Rae1 c6 23. Rd1 Rhe8 24. Rd3 cxd5 25. cxd5 Bd6 26. Ne2 Be5 27. b3 Kd7 28. h3 Rc8 29. Rc1 Rxc1 30. Nxc1 Rc8 31. Ne2 Kd6 32. b4 Rc2 33. a3 g5 34. g3 h5 35. Ke3 1/2-1/2

[Event "Schwarzach op-B 19th"]
[Site "Salzburg"]
[Date "2004.08.21"]
[Round "1"]
[White "Waldner, Alois"]
[Black "Armstorfer, Georg"]
[Result "1/2-1/2"]
[WhiteElo "2130"]
[BlackElo "1747"]
[PlyCount "24"]
[EventDate "2004.08.21"]
[EventType "swiss"]
[EventRounds "9"]
[EventCountry "AUT"]
[SourceTitle "CBM 102 Extra"]
[Source "ChessBase"]
[SourceDate "2004.11.03"]
[SourceVersion "1"]
[SourceVersionDate "2004.11.03"]
[SourceQuality "1"]

1. c4 b6 2. d4 e6 3. Nf3 Bb7 4. g3 Nf6 5. Bg2 Be7 6. 0-0 d6 7. Nc3 Ne4 8. Qc2 Nxc3 9. bxc3 Nd7 10. Rd1 g5 11. c5 g4 12. cxd6 cxd6 1/2-1/2

[Event "Jacques Lemans op 20th"]
[Site "St Veit"]
[Date "2001.07.??"]
[Round "?"]
[White "Sandner, Wolfgang"]
[Black "Waldner, Alois"]
[Result "1-0"]
[WhiteElo "2185"]
[BlackElo "2166"]
[PlyCount "76"]
[EventDate "2001.07.07"]
[EventType "swiss"]
[EventRounds "9"]
[EventCountry "AUT"]
[SourceTitle "EXT 2004"]
[Source "ChessBase"]
[SourceDate "2003.11.25"]
[SourceVersion "1"]
[SourceVersionDate "2003.11.25"]
[SourceQuality "1"]

1. Nf3 Nf6 2. g3 b6 3. Bg2 Bb7 4. d3 d5 5. 0-0 Nbd7 6. Nbd2 e5 7. Nh4 g6 8. e4 dxe4 9. Nxe4 Nxe4 10. Bxe4 Bxe4 11. dxe4 Nc5 12. Qe2 Bd6 13. Ng2 Qe7 14. c3 c6 15. a4 a5 16. Qc2 Ne6 17. Ne3 0-0 18. h4 Ng7 19. Qb3 Bc7 20. Ng4 Qe6 21. Qxe6 Nxe6 22. Bg5 Nxg5 23. hxg5 Rad8 24. Kg2 f5 25. Nf6+ Kg7 26. Rh1 h5 27. exf5 gxf5 28. Rxh5 Rh8 29. Rxh8 Rxh8 30. Rf1 e4 31. Rd1 Rd8 32. Rh1 Kg6 33. Rh7 Be5 34. Rb7 Kxg5 35. Nd7 Bd6 36. Nxb6 Bf8 37. Nc4 Rd5 38. Ra7 Rc5 1-0